000 00566nam a2200217Ia 4500
003 OSt
005 20220928144158.0
006 a|||||r|||| 00| 0
007 ta
008 220927b |||||||| |||| 00| 0 eng d
024 _a63562
037 _cTextual
040 _aSDCL
_cSDCL
_beng
041 _2eng
_aeng
082 _aO:g(Y15), M 4
100 _aMCCONNELL
_9507310
245 0 _aWomen and languauge in literature and soceity.
700 _a GINET
_9507311
942 _hO:g(Y15), M 4
_cTEXL
_2CC
999 _c826678
_d826678